Death Metal Bands - Statistics

General Stats
  • This quiz has been taken 1,942 times
  • The average score is 10 of 20
Answer Stats
Song/Album Band % Correct
Song: The Philosopher Death
86%
Album: Tomb of the Mutilated Cannibal Corpse
85%
Album: Heartwork Carcass
69%
Song: Twilight of the Thunder God Amon Amarth
67%
Song: Angel of Disease Morbid Angel
62%
Album: Seven Churches Possessed
58%
Album: Cause of Death Obituary
57%
Album: Legion Deicide
53%
Album: Follow the Reaper Children of Bodom
51%
Album: Slaughter of the Soul At The Gates
49%
Album: Demigod Behemoth
47%
Song: Nemesis Arch Enemy
45%
Album: Whoracle In Flames
44%
Album: Annihilation of the Wicked Nile
44%
Album: Dethalbum Dethklok
43%
Album: Clandestine Entombed
39%
Song: The Leper Affinity Opeth
37%
Song: Spheres of Madness Decapitated
28%
Album: Onset of Putrifaction Necrophagist
25%
Album: Fiction Dark Tranquility
19%
No matching quizzes found
Score Distribution
Percent of People with Each Score
Percentile by Number Answered
Your Score History
You have not taken this quiz